000 01274nam a2200277Ia 4500
999 _c55869
_d55869
001 22967
003 GE_BSU
005 20230614113505.0
008 181216s ||||ge |||||||||||||| ||geo||
040 _cGE_BSU
041 _ageo
080 _a821.353.1.09 ბ-32
100 _aბაქრაძე, აკაკი
_91269
245 _aსულის ზრდა :
_b[კრიტიკული წერილები] /
_cაკაკი ბაქრაძე ; რედ. ნ. ინასარიძე ; მხატვ. დ. გრიგოლია.
264 _aთბილისი :
_bსაბჭოთა საქართველო,
_c1986.
300 _a411 გვ. ;
_c17 სმ.
541 _h1ლ.10თ.
653 _aლიტერატურის ისტორია და კრიტიკა
653 _aქართული ლიტერატურა
653 _aსულის ზრდა
653 _a[კრიტიკული წერილები]
653 _aქართული ლიტერატურა
700 _aინასარიძე, ნ.
_eრედაქტორი
_91193
700 _aგრიგოლია, დ.
_eმხატვარი
_912208
942 _cBK
_2udc